LEADER 01027nam0 22002771i 450 001 UON00007190 005 20231205101916.493 010 $a81-85182-85-X 100 $a20020107d1993 |0itac50 ba 101 $aeng 102 $aIN 105 $a|||| 1|||| 200 1 $aKashmir$eHistory and Archaeology through the Ages$fS. L. Shali 210 $aNew Delhi$cIndus Publishing Company$dc1993 215 $a311 p.$cill.$d26 cm 606 $aArcheologia$xKashmir$3UONC002017$2FI 620 $aIN$dNew Delhi$3UONL000110 686 $aSI X A$cSUBCONT. INDIANO - ARCHEOLOGIA - STORIA$2A 700 1$aSHALI$bS. L.$3UONV006034$0638496 712 $aIndus Publications$3UONV249919$4650 801 $aIT$bSOL$c20250509$gRICA 899 $aSIBA - SISTEMA BIBLIOTECARIO DI ATENEO$2UONSI 912 $aUON00007190 950 $aSIBA - SISTEMA BIBLIOTECARIO DI ATENEO$dSI SI X A 009 $eSI SA 73679 7 009 996 $aKashmir$91176431 997 $aUNIOR